000 01068nam a22003017a 4500
003 CHAP
005 20220329141735.0
008 971013s1984 r 00010 d
010 _a73141
011 _a74113
035 _a83671
040 _cCHAP
090 _aTesis
100 0 0 _aGarcía Legaspi, Guillermo.
_946190
245 _aRespuesta del girasol (Helianthus annuus L.) a diferentes abatimientos de la humedad en el suelo en Apodaca, N.L.
260 _a(Monterrey, N.L.) :
_bEl autor,
_c1984
300 _a90 h.
_b: gráfs.
502 _aTesis (M.C. Esp. en Uso y Conservación del Agua) -- ITESM. Div. de Ciencias Agropecuarias y Marítimas. Programa de Graduados
590 _aALEPH
_b10
_c20130110
_lUCH01
_h1415
590 _aBATCH-UPD
_b10
_c20130110
_lUCH01
_h0705
590 _aBATCH-UPD
_b10
_c20130410
_lUCH01
_h0351
590 _aBATCH-UPD
_b10
_c20130914
_lUCH01
_h1529
590 _aCONVERSION
_b10
_c20130109
_lUCH01
_h1340
650 1 4 _aGirasol
_xIrrigación.
_948158
901 _aBK
942 _cTESIS
949 _bBC
_cTES
_d-38355
_eTS1
_i83671
_si
999 _c73141
_d73141